000 00876nas a2200277 4500
001 BR2019000182
003 BR-BrBNA
005 20231205131543.0
007 ta
008 230509b bl.|||p| |||| 00| 00por d
040 _aBR-BrBNA
_bpor
_cBiblioteca Nacional de Agricultura
041 _a(En)
072 _aQ02
100 1 _aSouza, T.I.M.
100 1 _aCosta, C.A.
100 1 _aChauca, M.N.C.
245 1 _aInfluence of the heat treatment on the quality of ivy gourd (Coccinia grandis)
650 _aHORTALIÇA
650 _aPROCESSAMENTO
650 _aPICLES
650 _aCONTROLE DE QUALIDADE
773 0 _tHorticultura Brasileira (Brazil)
_xISSN 1806-9991
_g(Jan-Mar 2018), v. 36(1) p. 126-129
_wBR2019000182
856 4 0 _uhttp://www.scielo.br/pdf/hb/v36n1/1806-9991-hb-36-01-126.pdf
909 _a202311
_bLúcia
_c55
_dLúcia Elande
942 _2AGRIS
_n0
_cANA
999 _c255417
_d255417